000 00600nam a2200181Ia 4500
003 IN-BaIIA
008 211028s9999 xx 000 0 eng d
040 _cIIA Library
080 _a52-76
_bBHA
100 _aBhattacharya, Prabhat K.
_913032
245 0 _aInter-Relations between the terrestrial atmosphere and cosmic radiation
_cPrabhat K. Bhattacharya
260 _aCalcutta
_bIndian Physical Society
_c1952
300 _aiv, 50p.
500 _aDonated by Mrs. Bappu
650 _aAstronomy and Astrophysics Thesaurus
650 _aCosmic Rays
942 _cBK
999 _c7705
_d7705